Top 10 des artistes francophones les plus écoutés en 2024 - Statistiques

Statistiques générales
  • Ce quiz a été pris 141 fois
  • Le résultat moyen est 5 sur 10
Statistiques - réponses
Classement Artiste % Correct
1 Jul
86%
8 Gims
75%
3 Ninho
64%
10 Damso
47%
2 Werenoi
42%
7 SDM
39%
4 PLK
36%
5 Tiakola
36%
6 Gazo
31%
9 Dadju
28%
Aucun quiz correspondant
Distribution des résultats
% des personnes avec chaque résultat
Percentile par nombre de réponses
Votre historique - résultats
Vous n’avez pas pris ce quiz